MARC details
| 000 -LEADER |
| campo de control de longitud fija |
01497nas a2200325 i 4500 |
| 001 - NÚMERO DE CONTROL |
| campo de control |
162 |
| 003 - IDENTIFICADOR DE NÚMERO DE CONTROL |
| campo de control |
ES-MaACL |
| 005 - FECHA Y HORA DE LA ÚLTIMA TRANSACCIÓN |
| campo de control |
20250902104010.0 |
| 008 - DATOS DE LONGITUD FIJA--INFORMACIÓN GENERAL |
| campo de control de longitud fija |
950801d18731875sp sr | 1 |spa d |
| 022 ## - NÚMERO INTERNACIONAL NORMALIZADO PARA PUBLICACIONES SERIADAS |
| Número Internacional Normalizado para Publicaciones Seriadas |
1131-107X |
| 080 ## - NÚMERO DE LA CLASIFICACIÓN DECIMAL UNIVERSAL |
| Número de la Clasificación Decimal Universal |
61 |
| 245 03 - MENCIÓN DEL TÍTULO |
| Título |
El Anfiteatro anatómico español : |
| Resto del título |
periódico de medicina, cirugía y ciencias auxiliares / |
| Mención de responsabilidad, etc. |
dir., Pedro González de Velasco. |
| 260 ## - PUBLICACIÓN, DISTRIBUCIÓN, ETC. |
| Lugar de publicación, distribución, etc. |
Madrid : |
| Nombre del editor, distribuidor, etc. |
Sociedad Anatómica Española, |
| Fecha de publicación, distribución, etc. |
1873-1875 ( |
| Fabricante |
Imp. de D. Juan Aguado) |
| 300 ## - DESCRIPCIÓN FÍSICA |
| Extensión |
1 v. : |
| Otras características físicas |
il. ; |
| Dimensiones |
37 cm. |
| 310 ## - PERIODICIDAD ACTUAL |
| Periodicidad actual |
Quincenal |
| 362 0# - FECHAS DE PUBLICACIÓN Y/O DESIGNACIÓN SECUENCIAL |
| Fecha de publicación y/o designación secuencial |
Año 1, n. 1/2 (15-30 en. 1873)-año 3, n. 71 (31 dic. 1875) |
| 530 ## - NOTA DISPONIBLE DE FORMULARIO FÍSICO ADICIONAL |
| Nota de formato físico adicional disponible |
Disponible en formato digital. |
| 580 ## - NOTA DE RELACIÓN COMPLEJA |
| Nota de relación compleja |
En 1876 se funde con El Pabellón médico. |
| 650 17 - PUNTO DE ACCESO ADICIONAL DE MATERIA--TÉRMINO DE MATERIA |
| Término de materia o nombre geográfico como elemento de entrada |
Medicina |
| Fuente del encabezamiento o término |
embne |
| 9 (RLIN) |
14891 |
| 700 1# - ENTRADA AGREGADA--NOMBRE PERSONAL |
| Nombre de persona |
González Velasco, Pedro, |
| Fechas asociadas al nombre |
1815-1882 |
| 9 (RLIN) |
127434 |
| 710 2# - ENTRADA AGREGADA--NOMBRE DE ENTIDAD CORPORATIVA |
| Nombre de entidad corporativa o nombre de jurisdicción como elemento de entrada |
Sociedad Anatómica Española |
| 9 (RLIN) |
6629 |
| 740 32 - ENTRADA AGREGADA--TÍTULO RELACIONADO/ANALÍTICO NO CONTROLADO |
| Título relacionado o analítico no controlado |
El Anfiteatro anatómico español y el pabellón médico. |
| 852 ## - LOCALIZACIÓN |
| Ubicación |
ES-MaACL |
| Número de control de estantería |
Z-107 |
| Encuadernación |
Olim: Hem-558 |
| -- |
Olim: G-4617 |
| 856 ## - LOCALIZACIÓN Y ACCESO ELECTRÓNICOS |
| Identificador Uniforme de Recursos |
<a href="https://reader.digitale-sammlungen.de/resolve/display/bsb10934263.html">https://reader.digitale-sammlungen.de/resolve/display/bsb10934263.html</a> |
| Nota pública |
Bayerische Staatsbibliothek |
| -- |
(1873-1875) |
| 856 ## - LOCALIZACIÓN Y ACCESO ELECTRÓNICOS |
| Identificador Uniforme de Recursos |
<a href="https://reader.digitale-sammlungen.de/resolve/display/bsb11324988.html">https://reader.digitale-sammlungen.de/resolve/display/bsb11324988.html</a> |
| Nota pública |
Bayerische Staatsbibliothek |
| -- |
(1876) |
| 856 ## - LOCALIZACIÓN Y ACCESO ELECTRÓNICOS |
| Identificador Uniforme de Recursos |
<a href="https://reader.digitale-sammlungen.de/resolve/display/bsb11349626.html">https://reader.digitale-sammlungen.de/resolve/display/bsb11349626.html</a> |
| Nota pública |
Bayerische Staatsbibliothek |
| -- |
(1877) |
| 866 #0 - MENCIÓN TEXTUAL DE FONDOS--UNIDAD BIBLIOGRÁFICA BÁSICA |
| Fondos |
1873-74. (n. 1-47) |
| 942 ## - ELEMENTOS DE ENTRADA SECUNDARIOS (KOHA) |
| Fuente del sistema de clasificación o colocación |
Clasificación decimal universal |